000 00255nam a22001217a 4500
003 SGT
082 _a823
_bSIN
100 _aSINGH RAVINDER
245 _aCAN LOVE HAPPER TWICE
260 _aLONDON
_bPENGUIN PUB
_c2011
300 _a214
942 _2ddc
_cBK
999 _c33998
_d33998